000 01401 a2200241 4500
003 Nust
005 20221129160947.0
010 _a 2004040416
020 _a0071416390 (alk. paper)
040 _cNust
082 0 0 _a621.3815,HAS
100 1 _aHaskell, Bert.
_9103793
245 1 0 _aPortable electronics product design and development :
_bfor cellular phones, PDAs, digital cameras, personal electronics, and more /
_cBert Haskell.
260 _aNew York :
_bMcGraw-Hill,
_cc2004.
300 _axii, 372 p. :
_bill. ; 24 cm.
440 0 _aMcGraw-Hill professional engineering.
_93451
505 _aThe Portable Electronic Design Process (Page-1), Digital And Analog Processing (Page-65), Electronic Packaging (Page-81), Displays (Page-123), Power Sources (Page-145), Mechanical Design (Page-165), Software And Communications (Page-193), Cellular Phones (Page-203), Portable PCs (Page-225), Personal Digital Assistants (Page-265), Digital Imaging Products (Page-303), Economics (Page-325), The Past, Present, And Future Of Portable Electronics (Page-339).
650 0 _aElectronic apparatus and appliances
_xDesign and construction.
_9100328
650 0 _aTelecommunication engineering
856 4 2 _3Contributor biographical information
_uhttp://www.loc.gov/catdir/bios/mh042/2004040416.html
856 4 2 _3Table of contents
_uhttp://www.loc.gov/catdir/toc/mh041/2004040416.html
942 _2ddc
_cBK
999 _c178590
_d178590